[Event "IECG TE.2006.P.02118 email"]
[Site "IECG email"]
[Date "2006.03.17"]
[Round "1"]
[White "Markovic, Dejan A"]
[Black "Daenen, Serge"]
[Result "0-1"]
[WhiteElo "800"]
[BlackElo "1850"]
[PlyCount "30"]
[EventDate "2006.03.17"]
[EventType "tourn (corr)"]
[EventRounds "12"]
[SourceTitle "Corr 2024"]
[Source "ChessBase"]
[SourceDate "2023.10.19"]
[SourceVersion "1"]
[SourceVersionDate "2023.10.19"]
[SourceQuality "1"]

1. e4 c5 2. f4 d5 3. exd5 Nf6 4. Bb5+ Bd7 5. Bxd7+ Qxd7 6. c4 e6 7. Qe2 Bd6 8. Nc3 0-0 9. dxe6 fxe6 10. d3 Nc6 11. Nf3 e5 12. fxe5 Nxe5 13. Bg5 Rae8 14. 0-0-0 Nxf3 15. Qxf3 Ne4 0-1